000 00300nam a22001217a 4500
008 180606b xxu||||| |||| 00| 0 eng d
041 _aeng
080 _a043.3
100 _a0
101 _aSHJ-BA
245 _aKorniza Ligjore e Kosoves per Sektorin e Ndertimtarise
_cGrazhdani, D
942 _2udc
_cBK
999 _c46509
_d46509